000 00712nam a2200229Ia 4500
001 10768
003 GE_BSU
008 181216s||||||||xx |||||||||||||| ||und||
040 _cGE_BSU
080 _a821.353.1-1
100 _aქათამაძე,ჯემალ
245 _aორი ქრიზანთემა
245 _bლექსები.
245 _cრედ.რ.ართილაყვა;მხატვ.გ.ხოჯაშვილი
260 _aბათუმი.
260 _bსაბჭოთა აჭარა.
260 _c1970.
300 _a92გვ;17სმ.
300 _eპორტრ.
653 _aორი ქრიზანთემა
942 _cBK
999 _c44018
_d44018